[Event "Altensteig"]
[Site "Altensteig"]
[Date "1995.??.??"]
[Round "5"]
[White "Gabriel, Christian"]
[Black "Dautov, Rustem"]
[Result "1/2-1/2"]
[WhiteElo "2475"]
[BlackElo "2620"]
[Annotator "Dautov,R"]
[PlyCount "95"]
[EventDate "1995.08.??"]
[EventType "tourn"]
[EventRounds "11"]
[EventCountry "GER"]
[EventCategory "12"]
[SourceTitle "CBM 049"]
[Source "ChessBase"]
[SourceDate "1995.12.01"]
[SourceVersion "1"]
[SourceVersionDate "1995.12.01"]
[SourceQuality "1"]

1. d4 Nf6 2. c4 e6 3. Nf3 b6 4. a3 Ba6 5. Qc2 Bb7 6. Nc3 c5 7. e4 cxd4 8. Nxd4
Nc6 9. Nxc6 Bxc6 10. Bf4 Nh5 11. Bd2 Qb8 (11... Bc5 12. Be2 Qh4 13. g3 Qh3 14.
Bf1 Qg4 15. Bg2 $14) 12. g3 Bc5 {N} (12... f5 13. Bg2 (13. Bd3 Bd6 14. f4 $1 (
14. O-O-O f4 $1 15. Rhe1 Be5 16. Nd5 O-O 17. Bb4 Rf7 18. Ne7+ Kh8 19. Nxc6 dxc6
$13 {Polugaevsky-Arnason/Reykjavik/1987}) 14... Nf6 15. O-O-O {/\e5} Ng4 (15...
fxe4 16. Nxe4 Nxe4 17. Bxe4 Bxe4 18. Qxe4 O-O 19. Bc3 Rd8 20. f5 $16) 16. Rhe1
Nf2 17. exf5 Nxd1 18. Kxd1 $16) 13... Bd6 14. f4 $1 Nf6 15. O-O-O O-O 16. Be3
fxe4 17. Nxe4 Nxe4 18. Bxe4 Bxe4 19. Qxe4 Qc7 20. Rd2 Rfd8 21. Rhd1 Bf8 $10 {
Topalov,V-Kamsky,G/Las Palmas 1994}) 13. f4 $6 (13. Be2 Nf6 14. f3 O-O 15.
O-O-O) (13. Bd3) 13... Nf6 14. Bg2 (14. Bd3 Ng4 15. Nd1 f5 $15) (14. O-O-O $2
Ng4 15. b4 (15. Re1 Nf2 16. Rg1 (16. b4 Nxh1 17. bxc5 Nf2 18. h3 bxc5 19. Be3
Nh1 $17) 16... Nxe4 17. Nxe4 Bxg1 18. Bc3 O-O 19. Bd3 f5 $19) 15... Bd4 (15...
Nf2 $2 16. bxc5 Nxh1 17. Be3 $16) 16. Qd3 e5 17. fxe5 Bxc3 18. Qxc3 Nf2 $15)
14... O-O (14... Ng4 $6 15. Bf3 h5 16. h3 $14) 15. Qd3 $1 {/\b4,/\Be3} (15.
O-O-O $2 Rc8 16. Kb1 a6 $15 {->}) 15... d5 $5 (15... e5 16. Rf1 $14) (15... Rd8
16. b4 Bf8 17. O-O d6 $10) (15... a5 $1 16. Be3 d6 17. O-O Rd8 $10) 16. cxd5
exd5 17. e5 (17. Nxd5 Nxd5 18. exd5 Qe8+ $1 19. Kd1 Bb5 20. Qf3 Rc8 $44) (17.
exd5 $1 Re8+ (17... Qe8+ 18. Kf1 (18. Qe2 $2 Bb7 $10) 18... Rd8 19. Rd1 a5 (
19... Ng4 $2 20. Re1 Qd7 21. b4 $18) 20. Bf3 Rd6 21. f5 $16) 18. Kf1 Rd8 (18...
Bb7 19. Bf3 a5 20. Kg2 $16) (18... Bd7 19. h3 $16) 19. Rd1 (19. Bf3 Qb7 20.
dxc6 Rxd3 21. cxb7 Rxf3+ 22. Ke2 Rf2+ $10) 19... a5 20. Bf3 (20. Be3 Ra7) 20...
Ra7 $44) 17... Ne4 18. Nxe4 $2 (18. Rf1 $1 Rd8 (18... Qb7 19. b4 $1) 19. Nxd5
Rxd5 20. Qxe4 Rxe5 21. Qxe5 Bxg2 $10) 18... dxe4 19. Bxe4 Rd8 $2 (19... Qb7 20.
Bxc6 (20. Bxh7+ $2 Kh8 21. Rf1 g6 22. Bxg6 Rad8 23. Qf5 fxg6 24. Qxg6 Bg2 $17)
20... Qxc6 21. Rf1 (21. O-O-O $2 Bg1+ $19) 21... Rad8 22. Qe2 (22. Qf3 Qb5 23.
O-O-O $2 Rd3 24. Qg4 Bxa3 $19) 22... Rd7 (22... Rd4 23. Be3 Re4 24. Rc1 Qh6 25.
Rf3) 23. Bc3 Rfd8 24. Rf3 a5 $36) 20. Qf3 $1 (20. Qc2 $2 Qb7 21. Bxc6 Qxc6 22.
O-O-O Rxd2 $3 23. Kxd2 Be3+ 24. Kd3 Qg6+ $19) 20... Bxe4 21. Qxe4 {[%cal Rh1a8]
/^h1-a8} Qc8 (21... Bf2+ 22. Ke2 $16) 22. Bc3 a5 23. Rd1 Qg4 24. Rd3 $16 Rac8 (
24... h5 $142) 25. Kd2 $1 h5 26. Kc2 $138 Qh3 $138 27. Rhd1 $2 (27. Rxd8+ Rxd8
28. f5 Re8 29. Kb1 $18) 27... Rxd3 28. Rxd3 Qxh2+ 29. Kb3 Qh3 30. f5 g6 $1 31.
Rf3 Qg4 32. Qd5 (32. Qxg4 hxg4 33. Rf4 gxf5 34. Rxf5 Be3 $14) 32... a4+ 33. Ka2
gxf5 34. e6 Qg6 35. exf7+ Qxf7 36. Rxf5 Qxd5+ 37. Rxd5 Kf7 38. Rxh5 Rg8 $10 39.
Be5 Ke6 40. Bf4 Bf2 41. Rh2 Bc5 42. Rd2 b5 43. Rd3 Rh8 44. Bd2 Rh2 45. Bb4 Bxb4
46. axb4 Rg2 47. Rc3 Kd5 48. Rc5+ (48. Rc5+ Kd4 49. Rg5 (49. Rxb5 Rxg3 50. Ra5
Kc4 51. Rxa4 Kb5 $10) 49... Kc4 50. Ka3 Rg1 $10) 1/2-1/2

[Event "RUS-chT 03rd"]
[Site "Kazan"]
[Date "1995.??.??"]
[Round "7"]
[White "Aseev, Konstantin N"]
[Black "Makarichev, Sergey"]
[Result "1-0"]
[WhiteElo "2530"]
[BlackElo "2540"]
[Annotator "Dautov,R"]
[PlyCount "59"]
[EventDate "1995.??.??"]
[EventType "team-tourn"]
[EventRounds "9"]
[EventCountry "RUS"]
[SourceTitle "CBM 051"]
[Source "ChessBase"]
[SourceDate "1996.04.01"]
[SourceVersion "1"]
[SourceVersionDate "1996.04.01"]
[SourceQuality "1"]
[WhiteTeam "Sankt Petersburg FINEK"]
[BlackTeam "Moscow CSKA"]
[WhiteTeamCountry "RUS"]
[BlackTeamCountry "RUS"]

1. d4 Nf6 2. c4 e6 3. Nf3 b6 4. Nc3 Bb7 5. a3 Ne4 6. Nxe4 Bxe4 7. Nd2 Bb7 8. e4
Qf6 9. d5 Bc5 10. Nf3 Qg6 11. Qd3 {N} (11. b4 $1 Qxe4+ 12. Be2 $44 Be7 (12...
Bd6 13. O-O Qg6 14. Be3 exd5 15. c5 Be7 16. Nd4 O-O 17. Bd3 f5 18. Qc2 $16 {
Skembris-Pocuca/Osijek/1982}) 13. O-O O-O 14. Re1 Bf6 15. Bd3 Qg4 16. Re4 Qh5
17. g4 exd5 18. Rf4 Qh3 19. Bf1 Qh6 20. g5 Bxg5 21. Rh4 Qg6 22. Bd3 f5 23. Bxg5
h6 24. Rg4 hxg5 25. Rxg5 Qe6 26. Qd2 $44 {Tseitlin,Mikh-Zilberstein,V/URS 1977}
) 11... a5 $2 (11... O-O 12. b4 (12. h4 $2 exd5 13. cxd5 Re8 $17) 12... Bd6 (
12... Be7 13. Bb2 a5 14. b5 $13) 13. Bb2 (13. e5 $2 Be7 $15) 13... exd5 14.
exd5 Re8+ 15. Kd1 a5 16. b5 Bc5 17. Qxg6 hxg6 18. Bd4 $10) (11... exd5 $5 12.
cxd5 O-O 13. b4 Bd6 {/\Re8}) 12. h4 $1 exd5 (12... O-O $2 13. h5 Qf6 14. e5 Qe7
15. h6 g6 16. Bg5 $16) (12... h5 $2 13. Rh3 d6 14. Rg3 Qf6 15. Rb1 exd5 16.
cxd5 $16 {/\Bg5,/\b4}) 13. cxd5 Ba6 14. Qc2 Qh5 (14... Bxf1 15. Kxf1 Qh5 $1 (
15... h5 16. Rh3 $16) (15... O-O 16. h5 Qg4 $4 17. Ne5 $18) 16. Bf4 (16. Qd3 $5
O-O 17. g4 Qxg4 18. Rg1 Qh5 19. Rg5 Qh6 $13) 16... d6 $2 17. Qa4+ Nd7 18. b4
Qg4 19. Qc6 $18) 15. b3 {/\Bb2,0-0-0} Bxf1 16. Rxf1 $1 (16. Kxf1 O-O 17. Rh3 c6
$13) 16... Qg6 (16... c6 17. Bb2 cxd5 18. O-O-O Qg6 19. Rxd5 Qxg2 20. Qd3 $16 {
->}) (16... O-O 17. Bb2 Re8 18. O-O-O d6 19. Nd4 $5 $36) 17. Bb2 Qxg2 $4 (17...
O-O {>=} 18. O-O-O Re8 $14) 18. Qe2 $18 Qg6 (18... Qg4 $2 19. Rg1 $18 Qf4 (
19... Qh3 20. Rg3 Qh1+ 21. Kd2 $18) (19... Qh5 20. Rg5 Qh6 21. Bxg7 $18) 20.
Be5 Qh6 21. Bxg7 $18) 19. Rg1 Qd6 20. Rxg7 Rf8 21. Ng5 Qh2 (21... Na6 22. Nxh7
Rh8 23. Nf6+ $18) 22. Nxh7 Na6 23. Qf3 O-O-O 24. Nxf8 Bxf8 25. Rxf7 Bxa3 26.
Rxa3 Qg1+ 27. Ke2 Qb1 28. Bc3 Qc2+ 29. Bd2 Nc5 30. Re7 1-0

[Event "USA-ch"]
[Site "Parsippany"]
[Date "1996.??.??"]
[Round "12"]
[White "Yermolinsky, Alex"]
[Black "Ivanov, Alexander"]
[Result "1/2-1/2"]
[WhiteElo "2610"]
[BlackElo "2560"]
[Annotator "Dautov,R"]
[PlyCount "75"]
[EventDate "1996.07.13"]
[EventType "tourn"]
[EventRounds "13"]
[EventCountry "USA"]
[EventCategory "12"]
[SourceTitle "CBM 055"]
[Source "ChessBase"]
[SourceDate "1996.12.01"]
[SourceVersion "1"]
[SourceVersionDate "1996.12.01"]
[SourceQuality "1"]

1. d4 Nf6 2. c4 e6 3. Nf3 b6 4. a3 Bb7 5. Nc3 d5 6. cxd5 Nxd5 7. e3 g6 8. Bb5+
c6 9. Bd3 Bg7 10. Na4 Nd7 11. e4 Ne7 12. Bf4 {N} (12. O-O e5 $1 13. dxe5 Nxe5
14. Nxe5 Bxe5 15. Nc3 Qd6 16. Bc4 Bxh2+ 17. Kh1 Qxd1 18. Rxd1 Be5 19. Bh6 Ng8
20. Be3 Nf6 $17 {Lobron-Karpov/Nussloch (active)/1996}) 12... O-O 13. O-O c5 $1
14. dxc5 Nxc5 15. Nxc5 bxc5 16. Qe2 (16. Qc2 Nc6 $10) (16. Rc1 c4 $1 17. Rxc4
$2 (17. Bxc4 Bxe4 $10) 17... Ba6 18. Bc7 Qd7 19. Ne5 Bxe5 20. Bxe5 Bxc4 21.
Bxc4 Qxd1 22. Rxd1 Rfd8 $15) 16... Nc6 17. Rac1 (17. e5 $5 Nd4 18. Nxd4 cxd4 (
18... Qxd4 19. Bg3 Qd5 20. f3 $14) 19. b4 Qb6 $10) 17... Nd4 18. Nxd4 Bxd4 $10
(18... Qxd4 $2 19. Be3 $16 Qxb2 $2 20. Qxb2 Bxb2 21. Rb1 $18) (18... cxd4 $2
19. Rc7 Rb8 20. Rfc1 e5 21. Bd2 Qf6 {/\Rfc8} 22. Qg4 Qb6 23. b4 $16 {<->c}) 19.
b4 (19. Bh6 Re8 20. Bb5 Re7 21. Rfd1 {/\Bg5} Qb6 $10) (19. Be3 Qb6 $10) 19...
cxb4 20. axb4 Qf6 (20... Qb6 $4 21. Bc7 Qxb4 22. Rb1 $18) 21. Be3 Rfc8 22. g3
a5 (22... Qd8 23. Rfd1 Bxe3 24. Qxe3 Qb6 $10) 23. Rxc8+ Bxc8 24. bxa5 Rxa5 25.
Rd1 Bxe3 26. Qxe3 e5 (26... Ra1 $1 $10) 27. Bc4 Bg4 28. Rb1 Ra8 29. Kg2 Qe7 30.
Bd5 Rd8 31. Rb6 Kg7 32. h3 Bc8 33. Qc3 Re8 34. Rc6 Bd7 35. Rc7 Qd6 36. g4 (36.
f4 Re7 $1 {/\Bh3} 37. g4 f6 38. fxe5 fxe5 $10) 36... Re7 37. Ra7 Be8 38. Rxe7
1/2-1/2

[Event "Elenite"]
[Site "Elenite"]
[Date "1993.??.??"]
[Round "3"]
[White "Khenkin, Igor"]
[Black "Adams, Michael"]
[Result "1/2-1/2"]
[WhiteElo "2570"]
[BlackElo "2630"]
[Annotator "Dautov,R"]
[PlyCount "74"]
[EventDate "1993.??.??"]
[EventType "tourn"]
[EventRounds "11"]
[EventCountry "BUL"]
[EventCategory "14"]
[SourceTitle "CBM 038"]
[Source "ChessBase"]
[SourceDate "1994.02.01"]
[SourceVersion "1"]
[SourceVersionDate "1994.02.01"]
[SourceQuality "1"]

1. d4 Nf6 2. c4 e6 3. Nf3 b6 4. a3 Ba6 5. Qc2 Bb7 6. Nc3 c5 7. e4 cxd4 8. Nxd4
Nc6 9. Nxc6 Bxc6 10. Bf4 Bc5 11. Be2 O-O 12. Rd1 a5 13. O-O (13. Bg3 {
Gelfand-Adams/Tilburg/1992} Qe7 $1 14. e5 Ne8 15. O-O f5 16. exf6 gxf6 $5 {
Adams}) 13... Qe7 14. e5 {N} (14. Bf3 e5 15. Bc1 a4 $10 {Remis/
Marjanovic-Popovic/Clichy/1986}) 14... Nh5 $1 15. Bxh5 (15. Bc1 Qh4 $40 {Adams}
) 15... Qh4 16. Qe2 (16. g4 $2 Qh3 17. Nd5 (17. Ne4 Qf3 $19) 17... exd5 (17...
Qf3 18. Rd3 Qe4 $17) 18. cxd5 Bb5 $17 {/\g6}) (16. Bg3 Qxh5 17. Na4 f5 18. exf6
Rxf6 19. Nxc5 bxc5 $10) 16... Qxf4 17. g3 Qg5 18. Bf3 Bxf3 19. Qxf3 Qxe5 20.
Rxd7 Rad8 $10 21. Rfd1 Rxd7 22. Rxd7 Bd4 (22... f5 23. Qe2 Qxe2 (23... Qf6 24.
Na4) 24. Nxe2 Rf7 25. Rd8+ Rf8 26. Rd7 $10) 23. Na4 (23. Rb7 Qc5 24. Qe2 Bxc3
25. bxc3 Qxa3 26. Rxb6 Qxc3 $15) 23... Qe1+ (23... Bxb2 24. Rb7 Bd4 25. Nxb6
Bxb6 26. Rxb6 Qc5 27. Qb3 $14) 24. Kg2 e5 25. Nc3 (25. Rb7 $2 e4 26. Qf4 e3 27.
fxe3 (27. Qxd4 Qxf2+ 28. Kh3 Qf1+ 29. Kh4 e2 $19) 27... Bxe3 28. Qf3 Qd2+ 29.
Kh3 Bg1 $17) 25... Qd2 (25... Bxc3 26. Qxc3 Qxc3 27. bxc3 Rc8 28. Rb7 f6 29.
Rxb6 Rxc4 30. Rb5 $10) 26. Ne2 $1 (26. Nd5 $2 Qxb2 27. Ne7+ Kh8 28. Qxf7 Qxf2+
$17) (26. Na4 $2 Qc2 27. b3 h6 $17) 26... Qxb2 27. Nxd4 exd4 28. Qd3 g6 29.
Rxd4 (29. Qxd4 Qxd4 30. Rxd4 Rc8 $10) 29... Re8 30. Rd8 Rxd8 31. Qxd8+ Kg7 32.
Qd3 a4 33. Kf3 h5 34. h4 Kh7 35. Ke3 Qc1+ 36. Kf3 Qb2 37. Ke3 Qc1+ 1/2-1/2

[Event "Horgen"]
[Site "Horgen"]
[Date "1995.10.31"]
[Round "10"]
[White "Kramnik, Vladimir"]
[Black "Vaganian, Rafael A"]
[Result "1-0"]
[WhiteElo "2730"]
[BlackElo "2645"]
[Annotator "Dautov,R"]
[PlyCount "69"]
[EventDate "1995.10.??"]
[EventType "tourn"]
[EventRounds "11"]
[EventCountry "SUI"]
[EventCategory "17"]
[SourceTitle "CBM 050"]
[Source "ChessBase"]
[SourceDate "1996.02.01"]
[SourceVersion "1"]
[SourceVersionDate "1996.02.01"]
[SourceQuality "1"]

1. Nf3 {Ftacnik Stohl} Nf6 2. d4 e6 3. c4 b6 4. a3 Bb7 5. Nc3 Ne4 6. Nxe4 Bxe4
7. e3 {[%csl Gc4,Gd4,Ge3] White has more influence in the center and this
promises him a slight, but lasting initiative.} (7. Bf4 {Stohl} c5 8. d5 exd5
9. cxd5 Be7 10. Qb3 O-O 11. Nd2 Bg6 12. e3 d6 13. Be2 $14 {Vaganian,R-Browne,W/
Buenos Aires/1978/}) (7. Nd2 {Stohl} Bb7 8. e4 Qf6 9. d5 Bc5 (9... a5 $142 $5
$14) 10. Nf3 exd5 (10... Qg6 11. b4 Qxe4+ 12. Be2 Be7 13. O-O $44) 11. cxd5 Qg6
12. Bd3 Qxg2 13. Rf1 c6 14. Qe2 Be7 15. Rg1 Qh3 16. d6 Bxd6 17. Rxg7 h6 18. Bc4
c5 19. Bd2 Nc6 20. Bxf7+ Kf8 21. Bc3 Nd4 22. Nxd4 cxd4 23. Bxd4 h5 24. Bg6 Rh6
25. Rf7+ Kg8 26. Rf3 {1-0/Sonsky-Dvorak/CS-ch corr./1988/}) 7... Be7 (7... c5
8. Bd3 Bxd3 9. Qxd3 cxd4 10. Qxd4 (10. Nxd4 {Ftacnik} Nc6 11. O-O Be7 12. Nf3
O-O 13. e4 Bf6 14. Ra2 Qc7 15. b3 Rfd8 16. Rd1 Rac8 17. Be3 {Browne,W-Kavalek,
L/Manila izt (06)/1976/1-0 (56)}) 10... Nc6 11. Qd3 Be7 12. e4 $14 (12. e4 Qc7
13. O-O O-O 14. b3 a6 15. Rd1 Ra7 16. g3 $16 {Gheorghiu,F-Andersson,U/London/
1980/})) (7... g6 $5 8. Bd3 (8. h4 Bg7 9. Ng5 Bb7 10. Qg4 Nc6 11. Bd3 Qe7 12.
Bd2 O-O-O 13. b4 f5 14. Qd1 e5 15. d5 e4 16. dxc6 dxc6 17. Be2 h6 {Mateus,
M-Soppe,G/Novi Sad olm (01)/1990/0-1 (30)}) 8... Bxd3 9. Qxd3 Bg7 10. O-O O-O
11. e4 d6 12. Bg5 (12. Bf4 {Ftacnik} Nd7 13. Rad1 Qe7 14. Rfe1 e5 15. dxe5 Nxe5
16. Bxe5 Bxe5 17. Nxe5 Qxe5 {0.5/Dreev,A-Nenashev,A/Frunze/1988/}) 12... Qd7 {
/\Nc6}) (7... f5 {Ftacnik} 8. Bd3 Bb7 9. O-O Be7 10. d5 O-O 11. e4 c5 12. Qc2
exd5 13. exd5 g6 14. Bh6 Rf7 15. Rae1 d6 16. h4 Nd7 17. h5 {Dankert,
P-Kreutzkamp,R/Hamburg-ch/1989/1-0 (60)}) (7... Nc6 {Ftacnik} 8. Nd2 (8. Bd3
Bxd3 9. Qxd3 Ne7 10. O-O $16) 8... Bg6 9. Be2 Ne7 10. O-O Nc8 11. b4 (11. e4 $5
Be7 12. f4 $16) 11... Be7 12. Bf3 Rb8 13. b5 O-O 14. Qb3 Bd6 15. Bb2 Qg5 16. g3
h5 17. Bg2 Qh6 18. f4 h4 19. e4 Bh5 20. Rf2 Be7 21. e5 f5 22. a4 Rf7 $6 (22...
g5 $5) 23. Nf1 g5 {Eingorn,V-Gurgenidze,B/URS-FL Kharkov/1985/1-0 (41)}) 8. Bd3
(8. Bd2 {Ftacnik} a5 9. Bc3 O-O 10. Bd3 Bxd3 11. Qxd3 d5 12. cxd5 exd5 13. O-O
Qd6 14. Rfd1 Nd7 15. Rac1 Qe6 16. h3 h6 17. b4 axb4 18. axb4 Ra3 19. Qc2 Rfa8
20. b5 Bd6 21. Bb2 R3a5 22. Qb3 Nf6 23. Ne5 Qe8 24. Rc6 Ra4 25. Nd3 Qe4 {
0.5/Gofshtein,L-Gruenfeld,Y/Tel Aviv (04)/1991/}) 8... d5 $6 (8... Bxd3 9. Qxd3
d5 10. O-O (10. Bd2 $1 {Stohl} O-O 11. O-O c6 12. Rac1 Bd6 13. e4 Re8 14. cxd5
cxd5 15. exd5 exd5 16. Ng5 g6 17. Qh3 h5 18. Qf3 Qd7 19. Bf4 Bxf4 20. Qxf4 Na6
$14 {Andersson,U-Petursson,M/Reykjavik/1988/}) 10... O-O 11. e4 dxe4 12. Qxe4
Nd7 13. Qc6 Nf6 14. Bf4 Qd7 15. Qxd7 Nxd7 16. Rad1 c6 17. Rfe1 Rfe8 18. d5 cxd5
19. cxd5 exd5 20. Rxd5 Nf8 21. Kf1 $14 {Timman,J-Andersson,U/Wijk aan Zee 1981}
) (8... f5 {Stohl} 9. Bxe4 fxe4 10. Nd2 d5 11. Qh5+ g6 12. Qg4 {[%cal Rf2f3] /
\f3->} (12. Qe5 $6 Kf7 {[%cal Re7d6] /\Bd6})) 9. Bxe4 dxe4 10. Nd2 f5 11. f3 $1
{Black should be happy, his dark square bishop is nicely cooperating with the
pawn structure. But the relief has come at a cost, e6 pawn is weak and white
is trying to win a8-h1 diagonal for himself.} (11. Qa4+ Qd7 12. Qxd7+ Nxd7 $10)
(11. O-O O-O 12. f3 c5 $1 $132) 11... Bd6 (11... exf3 12. Qxf3 c6 (12... Nd7
13. Qc6 $1 Bd6 14. b4 {[%cal Rc4c5] /\c5} Kf7 $16 {[]}) 13. O-O {[%cal Yc1b2,
Ye1c1,Ye3e4] /\Bb2,0-0-0,e4} (13. b3 $36 {[%cal Yc1b2,Ye1c1,Ye3e4] /\Bb2,0-0-0,
e4}) (13. b4 $5 $36 {[%cal Ye1g1,Yc4c5,Yd2c4] /\0-0,c5,Nc4()<<}) 13... O-O 14.
b3 $14) (11... c5 12. Qa4+ Kf8 13. fxe4 cxd4 14. exf5 dxe3 15. Nf3 exf5 16.
Bxe3 Qd3 17. Kf2 $16) 12. Qa4+ (12. fxe4 $2 {Stohl} Qh4+ 13. Ke2 fxe4 $40)
12... c6 (12... Nd7 13. O-O (13. fxe4 $1 {Stohl} Qh4+ 14. g3 $1 (14. Kd1 Qg4+
15. Kc2 Qxg2 $15) 14... Bxg3+ 15. Kd1 fxe4 16. Qc6 Ke7 17. Nxe4 Bd6 18. Bd2 $40
{[%csl Re7] עe7}) 13... Qh4 (13... O-O $2 14. fxe4 fxe4 15. Rxf8+ Nxf8 16. Qc6
$16) (13... exf3 14. Nxf3 O-O $13) 14. f4 g5 (14... Qe7 15. Qc6 O-O 16. b4 $16)
15. Qc6 Ke7 (15... O-O-O $2 16. c5 bxc5 17. Qa6+ Kb8 18. Nc4 $18) 16. Nb3 $36 {
/\c5}) (12... Qd7 {Ftacnik} 13. Qxd7+ Nxd7 14. fxe4 $16) 13. O-O Qh4 (13...
exf3 14. Nxf3 O-O 15. Bd2 $14 {/\Rae1,e4} (15. b4 $16 {Stohl})) 14. f4 (14. g3
{Ftacnik} Bxg3 $10) 14... O-O 15. c5 $1 {Sacrifice of a pawn for a very good
cause. White becomes development advanatage, his Bc1 gets into the play and a7,
c6, e6 pawn offer ample scope for attack.} bxc5 (15... Bc7 16. cxb6 Bxb6 17.
Nc4 $16) 16. Nc4 Qe7 (16... Bc7 17. dxc5 Qe7 18. b4 $16) 17. dxc5 (17. Nb6 $6 {
Stohl} axb6 18. Qxa8 cxd4 19. exd4 Qc7 20. Qa4 Nd7 $15) 17... Bxc5 18. b4 Bd6
19. Bb2 $1 $16 {[%csl Rb8] פb8} (19. Nb6 axb6 20. Qxa8 e5 (20... c5 $5 $44 {
Stohl}) (20... b5 21. Bd2 Qc7 22. a4 $14) (20... Qc7 21. Qa4 Nd7 22. Qb3 Re8
23. a4 Nf6 24. Bd2 $14) 21. Bb2 exf4 22. exf4 Qc7 $44) 19... Bc7 (19... a6 20.
Rfd1 Bc7 21. Bd4 $16) (19... Qc7 {Ftacnik} 20. Nxd6 Qxd6 21. Rfd1 $16) 20. Rfd1
(20. Bd4 $5 {Stohl}) 20... c5 (20... Rd8 {Stohl} 21. Rxd8+ Qxd8 22. Rd1 $40)
21. bxc5 (21. Qb5 $5 Bb6 22. Nxb6 axb6 23. Qxb6 $16) 21... Qxc5 22. Rac1 Qe7 (
22... Qc6 $6 {Stohl} 23. Qxc6 (23. Qb3 $5) 23... Nxc6 24. Nd2 Rab8 $1 (24...
Bb6 25. Rxc6 Bxe3+ 26. Kf1 Bxf4 27. g3 Bxd2 28. Rxd2 $18) 25. Rxc6 Rxb2 26. Nc4
$1 (26. Rxc7 $2 Rd8 $10) 26... Rb7 27. Rd7 Rb1+ 28. Kf2 $16) 23. Qb5 {The game
provides a crystal clear example of a strategy, that is very efficient:
consequent play at limiting opponents possibilities. It is much more difficult
than trying to "come first" (towards king or with pawn to the 8th rank etc).
Karpov can claim to have mastered the art of "limiting" play in many brilliant
games.} Bb6 (23... a6 {Ftacnik} 24. Qb7 $18) 24. a4 $5 (24. Nxb6 axb6 (24...
Qb7 $2 {Stohl} 25. Qe5) 25. Qxb6 $16 (25. Qxb6 {Ftacnik} Na6 $16)) 24... Bc5 (
24... Rd8 {Stohl} 25. a5 (25. Nxb6 {Ftacnik} Rxd1+ 26. Rxd1 axb6 27. Qxb6 $16)
25... Rxd1+ (25... Bc7 26. Qb7) 26. Rxd1 Bc5 (26... Bd8 27. Ba3) 27. a6 $1 {
[%cal Rb5b7] /\Qb7} Bb6 28. Ba3 $18) 25. Bd4 Bxd4 (25... Nd7 $5 {Stohl} 26.
Bxg7 $1 (26. Qb7 Nf6 $10) (26. Bxc5 Nxc5 27. Ne5 Nd3 $10) 26... Rf7 (26... Qxg7
27. Rxd7 Be7 28. Qb7 $18) (26... Rfd8 27. Bh6 (27. Ba1 h6 28. Qb2 Kh7 $14) (27.
Bd4 $16 {Ftacnik}) 27... Rab8 (27... Nf6 28. Bg5 Rxd1+ 29. Rxd1 Rc8 30. Qb2 Rf8
31. Qe5 $1 {(.)}) 28. Bg5 $1 (28. Rxd7 $5) 28... Qe8 29. Qc6 $1 (29. Rxd7 Rxd7
30. Qxc5 Rc8 $132) 29... Rbc8 30. Qa6 $18) 27. Ba1 Rd8 $5 $16 (27... Nf8 28.
Qb2 Ng6 29. Kh1 $1 {[%cal Rc4e5] /\Ne5+-})) 26. Rxd4 a6 {Despite a spare pawn
black is still pressed down with a powerful force.} (26... Rc8 27. Rcd1 Nc6 28.
Rd7 Qe8 (28... Qb4 29. Nd6 $16) (28... Rab8 {Stohl} 29. Qxc6 $1 (29. Rxe7 Rxb5
30. Rxe6 Rc5 $132) 29... Rxc6 30. Rxe7 Rxc4 31. Rdd7 $18) (28... a6 29. Qb6 $18
) (28... Qf6 29. Nd6 Rab8 30. Qc5 $18) 29. Qb7 Qf8 30. Nd6 Rab8 31. Qa6 Nb4 32.
Qxa7 Ra8 33. Qd4 $16) (26... Rd8 {Stohl} 27. Rxd8+ Qxd8 28. Qb7 $18 (28. Qb7 {
Ftacnik} Nd7 29. Rd1 $18)) 27. Qb6 Ra7 $2 (27... Rc8 $142) (27... Rc8 {Stohl}
28. Rcd1 Nc6 29. Rd7 Qf6 (29... Qb4 30. Qxb4 Nxb4 31. Nb6 $18) (29... Qe8 {
Ftacnik} 30. Qb2 (30. Qb7 Ra7 $1 31. Rxg7+ Kf8 32. Rf7+ Kg8 $10) 30... Qg6 31.
R1d6 $40) 30. Nd6 Rab8 31. Qc5 $18) 28. Nd6 Rd7 29. Rc8 $18 {[%csl Rb8] פb8} (
29. Nc8 $2 {Stohl} Qa3 $1 $13) 29... Rxc8 (29... Rfd8 {Ftacnik} 30. Nxf5 $1
exf5 31. Rxd8+ $18) 30. Nxc8 Qa3 (30... Qe8 {Stohl} 31. Qxb8 $18) (30... Qf8 {
Ftacnik} 31. Rxd7 (31. Qxb8 Rxd4 32. exd4 $18) 31... Nxd7 32. Qxe6+ Qf7 33.
Ne7+ Kf8 34. Qxd7 Qxe7 35. Qxf5+ Kg8 36. Qc8+ Kf7 37. Qxa6 $18) 31. Qxe6+ Kf8
32. Qxf5+ Ke8 (32... Kg8 33. Rxd7 Qxe3+ (33... Nxd7 {Ftacnik} 34. Qxd7 Qxe3+
35. Kf1 $18) 34. Kf1 Qc1+ (34... Nxd7 {Stohl} 35. Qe6+ Kf8 36. Qe7+ Kg8 37.
Qe8+ Nf8 38. Ne7+ $18) 35. Kf2 e3+ 36. Kg3 Nxd7 37. Qe6+ Kf8 38. Qe7+ $18) (
32... Rf7 {Ftacnik} 33. Rd8#) 33. Qe6+ Kd8 (33... Kf8 {Stohl} 34. Rxd7 Qxe3+
35. Kf1 Qxf4+ 36. Ke2 Nxd7 37. Nd6 $1 $18) 34. Qb6+ Ke8 (34... Kxc8 {Stohl} 35.
Rc4+ $18) 35. Nd6+ (35. Nd6+ Ke7 (35... Rxd6 {Stohl} 36. Rxd6 $18) 36. Rxe4+ (
36. Rxe4+ {Ftacnik} Kf6 37. Qd4+ Kg6 38. Re6+)) 1-0

[Event "Interpolis"]
[Site "Tilburg"]
[Date "1992.10.08"]
[Round "1.1"]
[White "Dreev, Alexey"]
[Black "Sax, Gyula"]
[Result "1-0"]
[WhiteElo "2590"]
[BlackElo "2565"]
[Annotator "Dautov,R"]
[PlyCount "57"]
[EventDate "1992.10.08"]
[EventType "k.o."]
[EventRounds "7"]
[EventCountry "NED"]
[SourceTitle "CBM 032"]
[Source "ChessBase"]
[SourceDate "1993.02.01"]
[SourceVersion "1"]
[SourceVersionDate "1993.02.01"]
[SourceQuality "1"]

1. d4 Nf6 2. c4 e6 3. Nf3 b6 4. Nc3 Bb7 5. a3 d5 6. cxd5 Nxd5 7. e3 g6 8. h4 h6
(8... Bg7 9. h5 O-O (9... c5 10. Bd3 Nc6 $2 (10... Nd7 $142) 11. h6 Bf6 12. Ne4
cxd4 13. Nxf6+ Qxf6 14. exd4 $16 {Barbero,G-Levitt,J Winterthur 1986}) (9...
Nd7 10. Bd3 (10. h6 Bf6 11. Ne4 $14 {Razuvaev}) 10... Nxc3 11. bxc3 Rc8 12. e4
(12. Qe2 c5 13. Bb2 O-O 14. Rd1 cxd4 15. cxd4 Nf6 16. hxg6 hxg6 17. e4 Qe7 18.
Ne5 Rfd8 19. Qe3 a6 20. f3 b5 21. Kf2 Nd7 22. Ng4 e5 $13 {Dreev,A-Sax,G
Tilburg 15'1992}) 12... Nc5 13. Bg5 Nxd3+ 14. Qxd3 Qd7 $2 (14... Bf6 $2 15.
hxg6 Bxg5 16. Qb5+ $18) (14... f6 $8) 15. h6 Bf8 16. Bf6 Rg8 17. Ng5 $16 {
Dreev,A-Sax,G Tilburg 30'1992}) 10. hxg6 hxg6 11. Nxd5 (11. Qc2 $6 c5 12. Nxd5
Qxd5 13. Bc4 Qc6 14. dxc5 Nd7 15. Bd2 b5 16. Be2 Qxc5 17. Qb3 Bd5 $15 {Cebalo,
M-Timman,J Zagreb/Rijeka 1985}) (11. e4 Nxc3 12. bxc3 c5 $13 (12... Bxe4 13.
Ng5 $40)) 11... exd5 12. Bd2 Nd7 13. Bd3 Re8 14. Bc3 a5 15. Qc2 Ba6 16. Bxa6 {
1/4:1/4 Razuvaev,Y-Rodrigues,A Moskva 1985}) 9. Bb5+ c6 10. Bd3 Bg7 11. Ne4 $5
{N} (11. e4 Nxc3 12. bxc3 c5 13. Be3 Nc6 14. Qd2 $14 {Vilela,J}) 11... Nf6 $6 (
11... O-O $142 {/\c5,/\Qe7,Nd7}) 12. Nxf6+ Bxf6 (12... Qxf6 $142) 13. b4 $1 Nd7
14. Rb1 a5 (14... O-O 15. e4 Bg7 16. Bf4 $16 {><h6}) 15. e4 axb4 16. axb4 e5 (
16... Bg7 17. Bf4 Qe7 18. Qd2 $16) 17. O-O $16 Bg7 (17... exd4 18. e5 Bg7 19.
e6 $16) 18. h5 g5 19. Bb2 O-O (19... exd4 20. Nxd4 O-O 21. Nf5 Bxb2 22. Rxb2
Ne5 23. Be2 Qf6 24. Rd2 Rad8 25. Nxh6+ $18) 20. dxe5 Re8 21. e6 fxe6 22. Bc4 (
22. Qb3 $16 {/\Bc4,Nd4}) 22... Nf6 $2 (22... b5 $1 23. Be2 (23. Bb3 c5 $132)
23... Nf6 24. Ne5 $36) 23. Nd4 $18 b5 24. Bxe6+ Kf8 25. Bf5 Qd6 26. Bg6 Red8
27. Qf3 Bc8 28. e5 Qxe5 29. Nxc6 1-0